Ortografía práctica de la lengua española

Guardat en:
Dades bibliogràfiques
Autor principal: Fuentes de la Corte, Juan Luis (Autor)
Format: Llibre
Idioma:espanyol
Publicat: Barcelona Bibliográfica Internacional 1997
Edició:28a. ed
Matèries:
Etiquetes: Afegir etiqueta
Sense etiquetes, Sigues el primer a etiquetar aquest registre!

MARC

LEADER 00000nam a2200000 a 4500
001 UCH3179
003 CL-VaPUC
008 090715e19970000SP |||||||||||||||||spa|d
020 |a 9567240140 
082 0 4 |a 461.52  |b FUE  |2 21 
100 0 |a Fuentes de la Corte, Juan Luis  |e author  |9 538407 
245 1 0 |a Ortografía práctica de la lengua española 
250 |a 28a. ed 
300 |a 233 p 
942 |c BK 
945 |d 20090715 00:00:00  |a dcastane 
260 |a Barcelona  |b Bibliográfica Internacional  |c 1997 
650 0 |a Español  |9 255372 
650 0 |a Ortografía  |9 309144 
583 |a last modification  |c 20170321 04:38:11  |k Rodrigo Vera 
999 |c 334805  |d 334803